000 004800000a22001690004500
003 MACL
005 20160313140403.0
008 160313b xxu||||| |||| 00| 0 eng d
040 _aMACL
_cMACL
041 _aHindi
082 _a920
100 _aजुगतराम दवे
_939395
245 _aगांधीजी
260 _bनवजीवन प्रकाशन मंदिर
_aअहमदाबाद
650 _aBiography
_945835
942 _cHIN
_k920
_2ddc
999 _c23642
_d23642